WHAT THE DIGITAL FUTURE HOLDS 20 GROUNDB (Record no. 32806)

MARC details
000 -LEADER
fixed length control field 00364nam a2200133Ia 4500
008 - FIXED-LENGTH DATA ELEMENTS--GENERAL INFORMATION
fixed length control field 240624s9999 xx 000 0 und d
041 ## - LANGUAGE CODE
Language code of text/sound track or separate title eng
082 ## - DEWEY DECIMAL CLASSIFICATION NUMBER
Classification number 658 SLO
100 ## - MAIN ENTRY--PERSONAL NAME
Personal name SLOAN MANAGEMENT REVIEW ASSOCIATION
245 ## - TITLE STATEMENT
Title WHAT THE DIGITAL FUTURE HOLDS 20 GROUNDB
260 ## - PUBLICATION, DISTRIBUTION, ETC.
Date of publication, distribution, etc. 2018
Place of publication, distribution, etc. London
Name of publisher, distributor, etc. The MIT Press
300 ## - PHYSICAL DESCRIPTION
Extent xiii, 122 P. ; 21 cm
365 ## - TRADE PRICE
Currency code
Price amount 33
Holdings
Withdrawn status Lost status Damaged status Not for loan Home library Current library Shelving location Date acquired Cost, normal purchase price Full call number Barcode Date last seen Copy number Price effective from Koha item type
        IMTN IMTN Rack 21-B 01/13/2022 19.95 658 SLO 32806 06/24/2024 78.2 06/24/2024 Books
Designed & Maintained by: LRC IMT Nagpur Contact: lrc@imtnag.ac.in© 2024. All Rights Reserved.